LIBRARY & INFORMATION CENTRE, KCAET, TAVANUR

ONLINE PUBLIC ACCESS CATALOGUE (OPAC)

Design, modification and performance evaluation of self propelled bush cutter (Record no. 14929)

MARC details
000 -LEADER
fixed length control field 00713nam a22001817a 4500
003 - CONTROL NUMBER IDENTIFIER
control field OSt
088 ## - REPORT NUMBER
Report number P 81
100 ## - MAIN ENTRY--AUTHOR NAME
Personal name BIJU K. VARGHESE
-- RAJIV ARAVINDAN
-- REMA P.P
245 ## - TITLE STATEMENT
Title Design, modification and performance evaluation of self propelled bush cutter
260 ## - PUBLICATION, DISTRIBUTION, ETC. (IMPRINT)
Place of publication Tavanur 1998
Name of publisher Department of Farm Power Machinery and Energy
300 ## - PHYSICAL DESCRIPTION
Number of Pages 55
500 ## - GENERAL NOTE
General note Design, modification and performance evaluation of self propelled bush cutter
520 ## - SUMMARY, ETC.
Summary, etc Design, modification and performance evaluation of self propelled bush cutter
700 ## - ADDED ENTRY--PERSONAL NAME
Personal name Er. Joby Bastian (Guide)
856 ## - ELECTRONIC LOCATION AND ACCESS
Uniform Resource Identifier https://drive.google.com/open?id=1ObqOczbxZTpVLEKYv9yE-TvnN-cprstj
942 ## - ADDED ENTRY ELEMENTS (KOHA)
Koha item type Project Report
Holdings
Collection code Home library Current library Shelving location Full call number Accession Number Koha item type
Reference KAUAET KAUAET Reference 631.3 VAR/DE P 81 Project Report
free website counter